[Event "13th Goodricke"]
[Site "Calcutta IND"]
[Date "2002.03.20"]
[Round "4"]
[White "Sandipan,C"]
[Black "Shariyazdanov,A"]
[Result "0-1"]
[WhiteElo "2452"]
[BlackElo "2532"]
[EventDate "2002.03.17"]

1. e4 e6 2. d4 d5 3. e5 c5 4. c3 Nc6 5. Nf3 Bd7 6. a3 c4 7. g3 Na5 8. Nbd2
Ne7 9. Bh3 Nf5 10. O-O h5 11. Re1 Be7 12. Rb1 g5 13. Bxf5 exf5 14. b4 cxb3
15. e6 Bxe6 16. Nxb3 Nxb3 17. Rxb3 b6 18. Ne5 Bf6 19. Qe2 Kf8 20. Ng6+ fxg6
21. Qxe6 Kg7 22. Rb5 Re8 23. Qxe8 Qxe8 24. Rxe8 Rxe8 25. Kf1 Rc8 26. Bd2
Rd8 27. a4 Kf7 28. a5 Rd6 29. axb6 axb6 30. Ke2 Ke6 31. Kd3 Rc6 32. Rb1 Bd8
33. Ra1 Rc7 34. Re1+ Kf7 35. Ra1 Rd7 36. Ra8 h4 37. Rc8 Ke6 38. Bc1 h3 39.
Kc2 Kf7 40. Kd3 g4 41. Bd2 g5 42. Bc1 Bf6 43. Rc6 Re7 44. Kd2 Re6 45. Rc7+
Ke8 46. Kd1 Be7 47. Rc8+ Kf7 48. Rc7 Kg6 49. Rd7 Bd6 50. Rb7 f4 51. Rxb6
Rf6 52. Rb2 fxg3 53. fxg3 Bxg3 54. Be3 Bf4 55. Bxf4 gxf4 56. Ke2 Re6+ 57.
Kf2 Re3 58. Rb6+ Kf5 59. Rd6 Rxc3 60. Rxd5+ Ke4 61. Re5+ Kxd4 62. Rg5 Rc2+
63. Kg1 Ke3 64. Re5+ Kf3 65. Re1 g3 66. hxg3 fxg3 67. Ra1 Ke2 68. Kh1 Rd2
0-1

[Event "13th Goodricke"]
[Site "Calcutta IND"]
[Date "2002.03.20"]
[Round "4"]
[White "Blauert,J"]
[Black "Lalic,B"]
[Result "1/2-1/2"]
[WhiteElo "2390"]
[BlackElo "2523"]
[EventDate "2002.03.17"]

1. e4 e5 2. Nf3 Nc6 3. Nc3 Nf6 4. Bb5 Nd4 5. Nxd4 exd4 6. e5 dxc3 7. exf6
Qxf6 8. dxc3 Qe5+ 9. Be2 Bc5 10. O-O O-O 11. Bd3 d5 12. Re1 Qf6 13. Be3
Bxe3 14. Rxe3 g6 15. Bf1 Rd8 16. Qd4 Qxd4 17. cxd4 Bf5 18. Rae1 Kf8 1/2-1/2

[Event "13th Goodricke"]
[Site "Calcutta IND"]
[Date "2002.03.20"]
[Round "4"]
[White "Wong Zi Jing"]
[Black "Ramesh,R"]
[Result "1-0"]
[WhiteElo "2256"]
[BlackElo "2480"]
[EventDate "2002.03.17"]

1. e4 c5 2. Nf3 Nc6 3. d4 cxd4 4. Nxd4 Nf6 5. Nc3 d6 6. Bc4 Qb6 7. Be3 Qxb2
8. Ndb5 Qb4 9. Qe2 Bg4 10. f3 Nxe4 11. Bd4 Nxd4 12. Qxe4 Rc8 13. Rb1 Nxc2+
14. Kd2 d5 15. Bxd5 Qc5 16. fxg4 Na3 17. Rb3 Nxb5 18. Nxb5 e6 19. Bxb7 Be7
20. Bxc8 O-O 21. Bd7 Rd8 22. Rd3 Bg5+ 23. Ke2 Qc2+ 24. Kf3 h5 25. gxh5 Kh8
26. Rhd1 Rb8 27. Bxe6 Qb2 28. Nd6 fxe6 29. Nf7+ Kg8 30. Nxg5 Rf8+ 31. Kg4
1-0

[Event "13th Goodricke"]
[Site "Calcutta IND"]
[Date "2002.03.20"]
[Round "4"]
[White "Al Sayed,Mohamad"]
[Black "Ovsejevitsch,S"]
[Result "1/2-1/2"]
[WhiteElo "2413"]
[BlackElo "2529"]
[EventDate "2002.03.17"]

1. e4 e5 2. Nf3 Nc6 3. Bc4 Bc5 4. c3 Nf6 5. d3 a6 6. Nbd2 Ba7 7. Bb3 O-O 8.
O-O d6 9. h3 Nh5 10. Nc4 Qf6 11. Ne3 Nf4 12. Nd5 Nxd5 13. Bxd5 h6 14. Bb3
Ne7 15. Kh1 Ng6 16. Nh2 Kh7 17. Qh5 Be6 18. Ng4 Qh4 19. Qxh4 Nxh4 20. Ne3
1/2-1/2

[Event "13th Goodricke"]
[Site "Calcutta IND"]
[Date "2002.03.20"]
[Round "4"]
[White "Sriram,J"]
[Black "Ghaem Maghami,E"]
[Result "1/2-1/2"]
[WhiteElo "2408"]
[BlackElo "2513"]
[EventDate "2002.03.17"]

1. d4 Nf6 2. c4 e6 3. Nc3 Bb4 4. e3 d5 5. Nf3 O-O 6. Bd3 b6 7. O-O Bb7 8.
cxd5 exd5 9. Bd2 a6 10. Qc2 Nbd7 11. Ne5 Re8 12. f4 c5 13. a3 Bxc3 14. Bxc3
c4 15. Bf5 b5 16. Nxd7 Nxd7 17. Bxh7+ Kh8 18. Rf3 Nf6 19. Rh3 Bc8 20. Bf5+
Kg8 21. Bh7+ Kh8 22. Bf5+ Kg8 23. Bh7+ 1/2-1/2

[Event "13th Goodricke"]
[Site "Calcutta IND"]
[Date "2002.03.20"]
[Round "4"]
[White "Barua,D"]
[Black "Prakash,G"]
[Result "1/2-1/2"]
[WhiteElo "2515"]
[BlackElo "2451"]
[EventDate "2002.03.17"]

1. e4 c6 2. d4 d5 3. exd5 cxd5 4. c4 Nf6 5. Nc3 e6 6. Nf3 Bb4 7. cxd5 Nxd5
8. Qc2 Nc6 9. Bd3 Ba5 10. a3 Nxc3 11. bxc3 Nxd4 12. Nxd4 Qxd4 13. Bb5+ Ke7
14. O-O Qe5 15. a4 f6 16. Bb2 a6 17. Rfe1 Qc7 18. Bd3 Kf7 19. Re3 h5 20.
Bg6+ Kg8 21. Qe2 e5 22. Bxh5 Be6 23. Bg4 Bc4 24. Qc2 Rd8 25. Rd1 Rxd1+ 26.
Qxd1 Bb6 27. Re4 Bf7 28. Re2 g6 29. Bh3 Kg7 30. Rd2 Rd8 31. Rxd8 Qxd8 32.
Qxd8 Bxd8 33. Bc8 Bd5 34. c4 Bc6 35. Bc3 a5 36. c5 b6 37. cxb6 Bxb6 38. Kf1
Bxa4 39. f3 Bb3 40. Ke2 a4 41. Bb4 Bd4 42. Ba3 Bc4+ 43. Kd2 Bb5 44. g4 g5
45. Be6 Bg1 46. h3 Bd4 47. Kd1 Bc6 48. Ke2 Be8 49. Kd3 Bf7 50. Bxf7 Kxf7
51. Kc4 Ke6 52. Kb5 Kd5 53. Kxa4 Bc5 54. Bc1 Kc4 55. Ka5 Kd3 56. Kb5 Be3
57. Ba3 Ke2 58. Be7 Kxf3 59. Bxf6 e4 60. h4 1/2-1/2

[Event "13th Goodricke"]
[Site "Calcutta IND"]
[Date "2002.03.20"]
[Round "4"]
[White "Mahesh Chandran,P"]
[Black "Satyapragyan,S"]
[Result "0-1"]
[WhiteElo "2436"]
[BlackElo "2354"]
[EventDate "2002.03.17"]

1. e4 e6 2. d4 d5 3. Nd2 Nf6 4. e5 Nfd7 5. Bd3 c5 6. c3 Nc6 7. Ne2 cxd4 8.
cxd4 Qb6 9. O-O f6 10. exf6 Nxf6 11. Nf3 Bd6 12. Nc3 O-O 13. Be3 Bd7 14. a3
Qd8 15. b4 Rc8 16. Rc1 Kh8 17. h3 Qe8 18. Re1 Nh5 19. Ng5 Nf6 20. f4 h6 21.
Nf3 Nh5 22. Ne5 Nxf4 23. Bxf4 Rxf4 24. Ng6+ Kg8 25. Nxf4 Bxf4 26. Rb1 Ne7
27. Rb3 Qd8 28. Kh1 Bb8 29. b5 Qc7 30. Re5 Qa5 31. Re3 e5 32. dxe5 d4 33.
Bh7+ Kxh7 34. Qxd4 Be6 35. Rb1 Nf5 36. Qd3 Kh8 37. Rf3 Bxe5 38. Ne2 Nh4 39.
Rff1 Bb8 40. Qe4 Qc7 41. g3 Qc4 42. Nd4 Bd5 0-1

[Event "13th Goodricke"]
[Site "Calcutta IND"]
[Date "2002.03.20"]
[Round "4"]
[White "Swathi,G"]
[Black "Abdulla,Al"]
[Result "1-0"]
[WhiteElo "2362"]
[BlackElo "2432"]
[EventDate "2002.03.17"]

1. e4 c6 2. d4 d5 3. Nd2 dxe4 4. Nxe4 Nd7 5. Ng5 Ngf6 6. Bd3 e6 7. N1f3 Bd6
8. Qe2 h6 9. Ne4 Nxe4 10. Qxe4 Qc7 11. Qg4 g5 12. Qh3 Rg8 13. Nd2 c5 14.
Ne4 cxd4 15. Bd2 Be7 16. O-O-O Ne5 17. Bb4 Bd7 18. Bxe7 Kxe7 19. Be2 Qa5
20. Rxd4 Qxa2 21. Qc3 f6 22. Qc5+ 1-0

[Event "13th Goodricke"]
[Site "Calcutta IND"]
[Date "2002.03.20"]
[Round "4"]
[White "Kunte,A"]
[Black "Saravanan,V"]
[Result "1/2-1/2"]
[WhiteElo "2479"]
[BlackElo "2393"]
[EventDate "2002.03.17"]

1. d4 Nf6 2. g3 d5 3. Bg2 c6 4. Nf3 Bf5 5. O-O e6 6. c4 Be7 7. Nc3 h6 8.
Nd2 O-O 9. e4 dxe4 10. Ndxe4 Nxe4 11. Nxe4 Nd7 12. Qb3 Qb6 13. Bf4 Bxe4 14.
Bxe4 Qxd4 15. Rad1 Qxe4 16. Rxd7 Bc5 17. Rxb7 Rad8 18. Qc3 Rd3 19. Qe5 Qxc4
20. Rc1 Qa6 21. Rb8 Bd6 22. Rxf8+ Kxf8 23. Qe4 Bxf4 24. Qxf4 Qb6 25. b3 Kg8
26. h4 Rd5 27. Kg2 c5 28. Qe4 Qd6 29. Rc2 h5 30. Qa4 Qd7 31. Qe4 g6 32. Rc4
Qd8 33. Qe3 Qb6 34. Rc2 Qd6 35. Qc3 Rf5 36. Rd2 Rd5 37. Rc2 Rf5 38. Rd2
Qc6+ 39. Kh2 Rd5 40. Qf3 Qd6 41. Rc2 Qe5 42. Kg2 Qd6 43. Qc3 1/2-1/2

[Event "13th Goodricke"]
[Site "Calcutta IND"]
[Date "2002.03.20"]
[Round "4"]
[White "Roy Chowdhury,S"]
[Black "Visweswaran,K"]
[Result "0-1"]
[WhiteElo "2358"]
[BlackElo "2310"]
[EventDate "2002.03.17"]

1. e4 c5 2. Nf3 d6 3. d4 cxd4 4. Nxd4 Nf6 5. Nc3 a6 6. Be2 e5 7. Nb3 Be7 8.
Be3 Be6 9. Nd5 Nbd7 10. Qd3 Bxd5 11. exd5 Rc8 12. c4 Nc5 13. Nxc5 dxc5 14.
Qf5 Qc7 15. O-O O-O 16. Rad1 Rcd8 17. Qh3 Ne8 18. Bd3 g6 19. Bh6 Ng7 20. g4
f6 21. Kh1 Bd6 22. Rg1 Rf7 23. Rg2 Ne8 24. Rdg1 Bf8 25. Bxf8 Rxf8 26. Qh6
Nd6 27. f3 Rde8 28. Re2 Re7 29. b3 Rfe8 30. Be4 b5 31. cxb5 axb5 32. Qh4
Kg7 33. Bf5 Nf7 34. Be4 c4 35. Qe1 c3 36. Rc2 Rc8 37. Qh4 b4 38. g5 fxg5
39. Qg4 Rf8 40. h4 h6 41. h5 Nd6 42. Bxg6 Rf4 43. Qg3 Qc5 44. Rd1 Rd4 45.
Re1 Qxd5 46. Rce2 e4 47. Qf2 Rd2 48. Kg1 Rxe2 49. Rxe2 Qd1+ 50. Kh2 e3 51.
Qg2 Qd4 52. Kg1 Qf4 53. Bd3 Rf7 54. Qg4 Nf5 55. Bxf5 Rxf5 56. Kg2 Qxg4+ 57.
fxg4 Rf2+ 0-1

[Event "13th Goodricke"]
[Site "Calcutta IND"]
[Date "2002.03.20"]
[Round "4"]
[White "Dhar,S"]
[Black "Sundararajan,K"]
[Result "1/2-1/2"]
[WhiteElo "2193"]
[BlackElo "2412"]
[EventDate "2002.03.17"]

1. e4 c5 2. Nf3 d6 3. d4 cxd4 4. Nxd4 Nf6 5. Nc3 e6 6. Be2 Nc6 7. Be3 Be7
8. O-O O-O 9. Kh1 a6 10. a4 Qc7 11. f4 Re8 12. Bf3 Na5 13. Qe1 Nc4 14. Bc1
e5 15. fxe5 Nxe5 16. b3 Bd7 17. Bb2 b5 18. axb5 axb5 19. Ncxb5 Bxb5 20.
Nxb5 Rxa1 21. Qxa1 Qxc2 22. Nd4 Qc7 23. Qa6 Rb8 24. Rc1 Qd7 25. b4 Rxb4 26.
Qa8+ Bf8 27. Rc8 Ng6 28. Rb8 Rxb8 29. Qxb8 Ne5 30. Nf5 Qe6 31. h3 h5 32.
Kh2 g6 33. Nd4 Qe7 34. Nb5 Nfd7 35. Qa8 Kh7 36. Be2 Nf6 37. Nc3 Bh6 38. Nd5
Nxd5 39. Qxd5 Qf6 40. Bd4 Bf4+ 41. g3 Bh6 42. Kg2 Bg7 43. Bxe5 dxe5 44. Bc4
Kg8 45. Qa8+ Bf8 46. h4 Kg7 47. Qa7 Bb4 48. Qf2 Qe7 49. Bd5 Bc5 50. Qf1 Bd4
51. Kh2 Qa7 52. Bb3 Qb7 53. Bd5 Qd7 54. Bc4 Be3 55. Qd3 Qa7 56. Kg2 Bd4 57.
Qf1 Qb7 58. Bd5 Qd7 59. Bc4 Bc5 60. Kh1 Bb6 61. Kh2 Qd2+ 62. Kh1 f6 63. Be2
Qe3 64. Bf3 Kh6 65. Kh2 Bd4 66. Bg2 Kg7 67. Qb1 g5 68. hxg5 Qxg5 69. Qb7+
Kh6 70. Qc8 Qg6 71. Qc1+ Qg5 72. Qc8 Qg6 73. Qc1+ Kg7 74. Qc7+ Qf7 75.
Qxf7+ Kxf7 76. Kh3 Bf2 77. Kh4 Kg6 78. Bf3 Kh6 79. Be2 Be1 80. Bf3 Bd2 81.
Be2 Bg5+ 82. Kh3 Kg6 83. Bf3 1/2-1/2

[Event "13th Goodricke"]
[Site "Calcutta IND"]
[Date "2002.03.21"]
[Round "5"]
[White "Gleizerov,E"]
[Black "Yegiazarian,A"]
[Result "1/2-1/2"]
[WhiteElo "2587"]
[BlackElo "2567"]
[EventDate "2002.03.17"]

1. d4 Nf6 2. c4 e6 3. g3 d5 4. Nf3 Bb4+ 5. Bd2 Be7 6. Bg2 O-O 7. O-O c6 8.
Qb3 a5 9. Nc3 Nbd7 10. Rfd1 a4 11. Nxa4 dxc4 12. Qc2 b5 13. Nc3 Bb7 14. e4
b4 15. e5 bxc3 16. exf6 Nxf6 17. Bxc3 Qc7 18. Ne5 c5 19. Nxc4 Bxg2 20. Kxg2
Qb7+ 21. f3 Rfc8 22. dxc5 Rxc5 23. Bd4 Rf5 24. Qe2 h5 25. Bxf6 gxf6 26. Nd6
Bxd6 27. Rxd6 h4 28. Rd3 hxg3 29. hxg3 Kg7 30. b3 Rh8 31. Rh1 Rxh1 32. Kxh1
Rh5+ 33. Kg2 Qa8 34. Rd4 Qh8 35. Rh4 Rxh4 36. gxh4 Qxh4 37. Qe4 Qg5+ 38.
Qg4 Kf8 39. a4 Qd2+ 40. Kh3 f5 41. Qc4 Qf2 42. Qd3 Ke7 43. Qc3 Qf1+ 44. Kg3
Qg1+ 45. Kf4 f6 46. Qc7+ Ke8 1/2-1/2

[Event "13th Goodricke"]
[Site "Calcutta IND"]
[Date "2002.03.21"]
[Round "5"]
[White "Wong Zi Jing"]
[Black "Aleksandrov,A"]
[Result "0-1"]
[WhiteElo "2256"]
[BlackElo "2645"]
[EventDate "2002.03.17"]

1. e4 e5 2. Nf3 Nc6 3. Bc4 Nf6 4. d4 exd4 5. e5 d5 6. Bb5 Ne4 7. Nxd4 Bd7
8. Bxc6 bxc6 9. O-O Bc5 10. f3 Ng5 11. f4 Ne6 12. Be3 Qb8 13. b3 O-O 14. c3
f5 15. Nd2 Bb6 16. N2f3 Nc5 17. Qe1 Ne4 18. e6 Be8 19. g4 fxg4 20. Ne5 c5
21. Nc2 Rf5 22. Rd1 c6 23. c4 Qd6 24. e7 h5 25. b4 cxb4 26. Bxb6 axb6 27.
Nd4 Rf6 28. Ndxc6 Bxc6 29. Nxc6 Qxc6 30. Rxd5 Re6 31. Rxh5 Rxe7 32. Qh4 Nf6
0-1

[Event "13th Goodricke"]
[Site "Calcutta IND"]
[Date "2002.03.21"]
[Round "5"]
[White "Shariyazdanov,A"]
[Black "Goloshchapov,A"]
[Result "1/2-1/2"]
[WhiteElo "2532"]
[BlackElo "2545"]
[EventDate "2002.03.17"]

1. c4 c6 2. e4 d5 3. exd5 cxd5 4. d4 Nf6 5. Nc3 e6 6. Nf3 Bb4 7. cxd5 Nxd5
8. Bd2 Nc6 9. Bd3 O-O 10. O-O Be7 1/2-1/2

[Event "13th Goodricke"]
[Site "Calcutta IND"]
[Date "2002.03.21"]
[Round "5"]
[White "Sorokin,M"]
[Black "Al Sayed,Mohamad"]
[Result "1-0"]
[WhiteElo "2551"]
[BlackElo "2413"]
[EventDate "2002.03.17"]

1. c4 Nf6 2. Nc3 g6 3. g3 Bg7 4. Bg2 O-O 5. d4 d6 6. Nf3 Nc6 7. O-O a6 8.
d5 Na5 9. Nd2 c5 10. Qc2 Rb8 11. Rb1 b5 12. b3 e5 13. cxb5 axb5 14. b4 cxb4
15. Rxb4 Bd7 16. Qd3 Ne8 17. Nxb5 Nc7 18. a4 Na6 19. Rb1 Nc5 20. Qc2 Qe7
21. Ba3 Rbc8 22. Qa2 f5 23. Rfc1 e4 24. Bb4 Nab7 25. Nc4 Bxb5 26. axb5 Ra8
27. Qd2 h5 28. b6 h4 29. Bxc5 Nxc5 30. e3 g5 31. Na5 hxg3 32. hxg3 Qd7 33.
Nc6 Qb7 34. Nd4 Qxd5 35. Bf1 Nd3 36. b7 Rab8 37. Nc6 Qe6 38. Bxd3 exd3 39.
Qxd3 f4 40. gxf4 gxf4 1-0

[Event "13th Goodricke"]
[Site "Calcutta IND"]
[Date "2002.03.21"]
[Round "5"]
[White "Suvrajit,S"]
[Black "Sangma,R"]
[Result "1-0"]
[WhiteElo "2346"]
[BlackElo "2180"]
[EventDate "2002.03.17"]

1. d4 g6 2. c4 Bg7 3. Nc3 f5 4. e4 fxe4 5. Nxe4 d5 6. Nc3 dxc4 7. Bxc4 Qxd4
8. Qb3 e6 9. Be3 Qd7 10. Nf3 Nc6 11. Rd1 Qe7 12. Ng5 Qb4 13. Bxe6 Qxb3 14.
Bxb3 Nh6 15. Nb5 Be5 16. Nf3 Nf5 17. Nxe5 Nxe3 18. Nxc7+ Ke7 19. Nxc6+ bxc6
20. fxe3 Rb8 21. O-O 1-0

[Event "13th Goodricke"]
[Site "Calcutta IND"]
[Date "2002.03.21"]
[Round "5"]
[White "Girinath,P"]
[Black "Sengupta,D"]
[Result "0-1"]
[WhiteElo "2336"]
[BlackElo "2292"]
[EventDate "2002.03.17"]

1. e4 e6 2. Qe2 c5 3. Nf3 Nc6 4. g3 Be7 5. Bg2 Nf6 6. O-O d5 7. d3 b6 8. e5
Nd7 9. c4 d4 10. Ne1 Bb7 11. f4 Qc7 12. Nd2 O-O-O 13. Ne4 Rdg8 14. Nf3 h5
15. Neg5 Nd8 16. a3 Kb8 17. Bd2 f6 18. exf6 gxf6 19. Nxe6 Nxe6 20. Qxe6 Bd6
21. Nh4 Bxg2 22. Kxg2 Rg4 23. Nf5 Bf8 24. Rae1 Rhg8 25. Qd5 Qb7 26. Qxb7+
Kxb7 27. Kf3 Kc7 28. Re6 a5 29. Rfe1 R4g6 30. Re8 Nb8 31. Ne7 Bxe7 32.
R1xe7+ Nd7 33. Rxg8 Rxg8 34. Rh7 a4 35. Rxh5 b5 36. cxb5 Rb8 37. Ke2 Rxb5
38. Bc1 Kd6 39. g4 Rb8 40. Rh3 Ke6 41. Rg3 Kf7 42. Kd1 Rh8 43. h3 Rb8 44.
Rg2 Rb3 45. Kc2 Nb6 46. g5 c4 47. Rg3 Nd5 48. h4 c3 49. bxc3 Rxc3+ 50. Kd1
Rb3 51. h5 Nc3+ 52. Kc2 Ne2 53. g6+ Kg8 54. Rg2 Rc3+ 55. Kd1 Nxc1 56. h6
Nb3 57. Rg3 Nc5 58. Ke2 Ne6 59. g7 Rc8 60. f5 Ng5 61. Rg4 Rd8 62. Kf2 Rd5
63. Kg3 Kh7 64. Kf4 Rd6 65. Rxg5 fxg5+ 66. Kxg5 Rd5 67. Kf6 Ra5 68. Ke6 Ra8
69. Kf7 Ra7+ 70. Kf8 Ra8+ 71. Kf7 Rb8 72. f6 Ra8 73. Ke7 Kxh6 74. g8=Q Rxg8
75. f7 Ra8 76. f8=Q+ Rxf8 77. Kxf8 Kg5 0-1

[Event "13th Goodricke"]
[Site "Calcutta IND"]
[Date "2002.03.21"]
[Round "5"]
[White "Satyapragyan,S"]
[Black "Ovsejevitsch,S"]
[Result "1/2-1/2"]
[WhiteElo "2354"]
[BlackElo "2529"]
[EventDate "2002.03.17"]

1. e4 g6 2. d4 Bg7 3. Nf3 d6 4. Nc3 Nf6 5. Be2 O-O 6. O-O e6 7. Bf4 h6 8.
h3 Nc6 9. Qd2 Kh7 10. Bh2 Nd7 11. Rad1 e5 12. dxe5 Ndxe5 13. Nxe5 dxe5 14.
Qxd8 Nxd8 15. Nd5 Ne6 16. c3 c6 17. Ne7 1/2-1/2

[Event "13th Goodricke"]
[Site "Calcutta IND"]
[Date "2002.03.21"]
[Round "5"]
[White "Fominyh,A"]
[Black "Swathi,G"]
[Result "1-0"]
[WhiteElo "2536"]
[BlackElo "2362"]
[EventDate "2002.03.17"]

1. d4 d5 2. c4 dxc4 3. Nf3 e6 4. e3 c5 5. Bxc4 a6 6. O-O Nf6 7. b3 b5 8.
Be2 Nbd7 9. Nbd2 Bb7 10. a4 b4 11. Bb2 Be7 12. Nc4 O-O 13. Nfe5 cxd4 14.
Nxd7 Nxd7 15. Bxd4 Nc5 16. Bxc5 Bxc5 17. Bf3 Qe7 18. Bxb7 Qxb7 19. Qf3 Qxf3
20. gxf3 Rfd8 21. Rfd1 Kf8 22. Kf1 Ke7 23. Ke2 Rd5 24. f4 Rh5 25. Ne5 f6
26. Nc6+ Ke8 27. Rac1 Bf8 28. Nd4 Rxh2 29. Nxe6 Kf7 30. Nc7 Ra7 31. Rd7+
Kg8 32. Rc6 Rh1 33. e4 h5 34. Rd8 h4 35. Ne6 Rf7 36. Rcc8 h3 37. Nxf8 h2
38. Ne6+ 1-0

[Event "13th Goodricke"]
[Site "Calcutta IND"]
[Date "2002.03.21"]
[Round "5"]
[White "Sundararajan,K"]
[Black "Sermek,D"]
[Result "0-1"]
[WhiteElo "2412"]
[BlackElo "2595"]
[EventDate "2002.03.17"]

1. d4 d5 2. c4 dxc4 3. e3 c5 4. Bxc4 cxd4 5. exd4 Qc7 6. Be2 Nf6 7. Nf3 e6
8. O-O Be7 9. Nc3 O-O 10. Ne5 Rd8 11. Nb5 Qb6 12. a4 Re8 13. Bf4 Na6 14.
Rc1 Nd5 15. Bg3 Nab4 16. Qb3 a6 17. Nc4 Qd8 18. Nbd6 Rf8 19. Bf3 b6 20.
Rfe1 a5 21. Nxc8 Rxc8 22. Be5 Bf6 23. Nd6 Rxc1 24. Rxc1 Bxe5 25. dxe5 Qg5
26. Re1 Nf4 27. Nc4 Rd8 28. Rd1 Rxd1+ 29. Qxd1 Nh3+ 30. Kf1 Qh4 31. Qe2
Nxf2 32. Nxb6 Nfd3 33. Be4 Qf4+ 34. Bf3 Qc1+ 35. Qd1 Qe3 0-1

[Event "13th Goodricke"]
[Site "Calcutta IND"]
[Date "2002.03.21"]
[Round "5"]
[White "Sriram,J"]
[Black "Koneru,H"]
[Result "1/2-1/2"]
[WhiteElo "2408"]
[BlackElo "2539"]
[EventDate "2002.03.17"]

1. d4 Nf6 2. c4 e6 3. Nf3 b6 4. g3 Bb7 5. Bg2 Be7 6. O-O O-O 7. Nc3 Ne4 8.
Nxe4 Bxe4 9. Nh4 Bxg2 10. Nxg2 d6 11. e4 Nd7 12. Ne3 Qe8 13. b3 c5 14. d5
Bf6 15. Rb1 Bd4 16. dxe6 fxe6 17. Nc2 e5 18. Ne3 Nf6 19. f3 g6 1/2-1/2

[Event "13th Goodricke"]
[Site "Calcutta IND"]
[Date "2002.03.21"]
[Round "5"]
[White "Yogesh,G"]
[Black "Kunte,A"]
[Result "0-1"]
[WhiteElo "2333"]
[BlackElo "2479"]
[EventDate "2002.03.17"]

1. e4 c5 2. Nf3 e6 3. d3 d5 4. Nbd2 Nf6 5. g3 Nc6 6. Bg2 Be7 7. O-O O-O 8.
Re1 b5 9. a4 b4 10. b3 Ba6 11. Bb2 Rc8 12. exd5 Nxd5 13. Nc4 Bf6 14. Nfe5
Qc7 15. f4 Nd4 16. Ng4 Bd8 17. Bxd4 cxd4 18. f5 Nc3 19. Qf3 exf5 20. Qxf5
Rb8 21. Qe5 Bxc4 22. dxc4 Qc8 23. Bh3 f5 24. Nf2 Bf6 25. Qxf5 Qxf5 26. Bxf5
d3 27. Be6+ Kh8 28. Nxd3 Ne2+ 29. Rxe2 Bxa1 30. c5 Rbe8 31. c6 Bd4+ 32. Kg2
Bb6 33. Bg4 Rxe2+ 34. Bxe2 a5 35. Bg4 Re8 36. Kf3 g6 37. Bd7 Re3+ 38. Kg4
Re2 39. Nf4 Rd2 40. Be6 Rd6 41. Bd5 h5+ 42. Kg5 Kh7 43. Ne6 Rxd5+ 44. Kf6
Rd6 0-1

[Event "13th Goodricke"]
[Site "Calcutta IND"]
[Date "2002.03.21"]
[Round "5"]
[White "Ghaem Maghami,E"]
[Black "Dhar,S"]
[Result "1-0"]
[WhiteElo "2513"]
[BlackElo "2193"]
[EventDate "2002.03.17"]

1. e4 e6 2. d4 d5 3. Nc3 Bb4 4. e5 c5 5. Bd2 Ne7 6. a3 Bxc3 7. Bxc3 b6 8.
b4 Qc7 9. Nf3 cxb4 10. Bxb4 a5 11. Bd2 Ba6 12. Bd3 O-O 13. h4 Bxd3 14. cxd3
Nbc6 15. Rc1 b5 16. h5 f5 17. exf6 gxf6 18. Bh6 Rf7 19. Nh4 f5 20. Qd2 f4
21. Qe2 Qd7 22. Qg4+ Kh8 23. Ng6+ hxg6 24. hxg6 Nxg6 25. Qxg6 Rh7 26. Qf6+
Kg8 27. Rh5 1-0

[Event "13th Goodricke"]
[Site "Calcutta IND"]
[Date "2002.03.21"]
[Round "5"]
[White "Ramesh,R"]
[Black "Mohota,N"]
[Result "1-0"]
[WhiteElo "2480"]
[BlackElo "2257"]
[EventDate "2002.03.17"]

1. e4 c6 2. d4 d5 3. Nd2 dxe4 4. Nxe4 Nd7 5. Ng5 Ngf6 6. Bd3 e6 7. N1f3 Bd6
8. Qe2 h6 9. Ne4 Nxe4 10. Qxe4 Qc7 11. a4 Nf6 12. Qe2 c5 13. dxc5 Bxc5 14.
O-O O-O 15. Bd2 Bd6 16. Rfe1 Rd8 17. Ne5 b6 18. a5 Bb7 19. h3 Rac8 20. Ng4
Nxg4 21. Qxg4 Bh2+ 22. Kh1 Be5 23. axb6 axb6 24. Bxh6 Bxb2 25. Rab1 Bf6 26.
Be3 Rd6 27. Bf4 e5 28. Rxe5 Rxd3 29. Re8+ Rxe8 30. Bxc7 Rc3 31. Bxb6 Re4
32. Qd1 Rxh3+ 33. Kg1 Rh8 34. f3 Reh4 35. Kf2 Rh2 36. Bc7 Bh4+ 37. Bg3
Bxg3+ 38. Kxg3 Bc8 39. Qd8+ Kh7 40. Qd3+ Kg8 41. Rb8 1-0

[Event "13th Goodricke"]
[Site "Calcutta IND"]
[Date "2002.03.21"]
[Round "5"]
[White "Hossain,Enam"]
[Black "Mahesh Chandran,P"]
[Result "0-1"]
[WhiteElo "2426"]
[BlackElo "2436"]
[EventDate "2002.03.17"]

1. e4 e6 2. d4 d5 3. Nd2 Nf6 4. e5 Nfd7 5. Bd3 c5 6. c3 Nc6 7. Ngf3 Qb6 8.
O-O a5 9. dxc5 Bxc5 10. Qe2 a4 11. Re1 f5 12. exf6 Nxf6 13. Nf1 O-O 14. Be3
Bxe3 15. Nxe3 e5 16. Bb5 e4 17. Ng5 Ra5 18. c4 h6 19. Nxd5 Nxd5 20. Nxe4
Nf4 21. Qd1 Nd4 22. Bxa4 Nde2+ 23. Kh1 Bf5 24. Bc2 Qg6 0-1

[Event "13th Goodricke"]
[Site "Calcutta IND"]
[Date "2002.03.21"]
[Round "5"]
[White "Shetty,R"]
[Black "Singh,SV"]
[Result "1-0"]
[WhiteElo "2335"]
[BlackElo "2299"]
[EventDate "2002.03.17"]

1. e4 e5 2. Nf3 Nf6 3. d4 exd4 4. e5 Ne4 5. Qxd4 d5 6. exd6 Nxd6 7. Nc3 Nc6
8. Qf4 Be7 9. Bd3 O-O 10. Be3 Be6 11. O-O-O f5 12. h4 Kh8 13. Bb5 Qe8 14.
h5 h6 15. Bxc6 bxc6 16. Bd4 Bf6 17. Rde1 Bxd4 18. Nxd4 Rf6 19. Re2 c5 20.
Nd5 Bxd5 21. Rxe8+ Rxe8 22. Nf3 Re2 23. Rd1 Bf7 24. Rd2 Re4 25. Qh2 Rfe6
26. b3 a5 27. Kb2 a4 28. Rd5 c4 29. Ne5 Bg8 30. Rc5 cxb3 31. axb3 Re8 32.
Ng6+ Kh7 33. Qg3 axb3 34. f3 Re2 35. Rxc7 Nc4+ 36. Kxb3 Rxg2 37. Nf8+ Rxf8
38. Rxg7+ Kh8 39. Qxg2 Ne3+ 40. Rxg8+ Rxg8 41. Qd2 Rb8+ 42. Ka4 Re8 43.
Qd4+ 1-0

[Event "13th Goodricke"]
[Site "Calcutta IND"]
[Date "2002.03.22"]
[Round "6"]
[White "Sermek,D"]
[Black "Shariyazdanov,A"]
[Result "1/2-1/2"]
[WhiteElo "2595"]
[BlackElo "2532"]
[EventDate "2002.03.17"]

1. e4 c5 2. c3 d5 3. exd5 Qxd5 4. d4 Nf6 5. Nf3 Bg4 6. Be2 e6 7. h3 Bh5 8.
Na3 a6 9. Nc2 Nc6 10. Be3 cxd4 11. Ncxd4 Nxd4 12. Bxd4 Bc5 13. Qa4+ Ke7 14.
O-O 1/2-1/2

[Event "13th Goodricke"]
[Site "Calcutta IND"]
[Date "2002.03.22"]
[Round "6"]
[White "Ovsejevitsch,S"]
[Black "Bakre,T"]
[Result "1-0"]
[WhiteElo "2529"]
[BlackElo "2477"]
[EventDate "2002.03.17"]

1. d4 d5 2. c4 c6 3. Nf3 Nf6 4. Nc3 e6 5. Bg5 dxc4 6. e4 b5 7. e5 h6 8. Bh4
g5 9. Nxg5 hxg5 10. Bxg5 Nbd7 11. exf6 Bb7 12. g3 Qb6 13. Bg2 O-O-O 14. O-O
c5 15. d5 b4 16. Na4 Qa6 17. a3 Ne5 18. Nxc5 Bxc5 19. axb4 Qb5 20. bxc5
Bxd5 21. Bxd5 Rxd5 22. Qe2 Qxc5 23. Qe4 a5 24. Be3 Qb5 25. Rac1 Qxb2 26.
Bf4 Kd7 27. Bxe5 Qxe5 28. Qxc4 Rb8 29. Qc6+ Kd8 30. Rfd1 1-0

[Event "13th Goodricke"]
[Site "Calcutta IND"]
[Date "2002.03.22"]
[Round "6"]
[White "Satyapragyan,S"]
[Black "Ramesh,R"]
[Result "1-0"]
[WhiteElo "2354"]
[BlackElo "2480"]
[EventDate "2002.03.17"]

1. e4 c6 2. d4 d5 3. exd5 cxd5 4. c4 Nf6 5. Nc3 e6 6. Nf3 Bb4 7. cxd5 Nxd5
8. Qc2 Nc6 9. Be2 O-O 10. O-O Re8 11. a3 Bf8 12. Qe4 Bd7 13. Bd3 Nf6 14.
Qh4 Ne7 15. Ne4 Ng6 16. Nxf6+ gxf6 17. Qh5 Bc6 18. Be3 Qd5 19. Qxd5 Bxd5
20. Rac1 Red8 21. Rfd1 Bd6 22. Nd2 f5 23. f3 Kg7 24. Nb1 Nf4 25. Nc3 Nxd3
26. Rxd3 Bc4 27. Rd2 Rac8 28. Ne2 Bb3 29. Rxc8 Rxc8 30. d5 Bxd5 31. Bxa7
Be7 32. Nc3 Bc6 33. Kf2 Bh4+ 34. Ke2 e5 35. g3 Be7 36. Be3 f6 37. Nd5 Bf8
38. Kf2 Kf7 39. Nb4 Bxb4 40. axb4 Ke6 41. Bc5 Bd5 42. Ke3 h5 43. Rd1 Ra8
44. Rd2 Ra1 45. Rf2 Rh1 46. Kd2 Bc6 47. Ke3 Rd1 48. Rd2 f4+ 49. gxf4 exf4+
50. Kd3 Rf1 51. Rf2 Rh1 52. Ke2 h4 53. Kd2 h3 54. Re2+ Kf5 55. Rf2 Bb5 56.
Kc3 Bf1 57. Rd2 Bg2 58. Rd4 Rf1 59. Bd6 Rxf3+ 60. Kd2 Bf1 61. Ke1 Bg2 62.
Ke2 Re3+ 63. Kf2 Be4 64. Rd2 Bd3 65. Rd1 Be4 66. Rd2 Bd3 67. Rd1 1-0